| 000 | 00772nam a2200277 4500 | ||
|---|---|---|---|
| 999 |
_c8602 _d8602 |
||
| 001 | 8602 | ||
| 003 | BD-JhCC | ||
| 005 | 20180228085227.0 | ||
| 008 | 730221s1972 enka d 000 0 eng | ||
| 020 | _a019431118X | ||
| 035 | _a(BD-JhCC)8602 | ||
| 040 |
_aDLC _cDLC _dDLC _dBD-JhCC |
||
| 041 | _aeng | ||
| 050 | 0 | 0 |
_aPE1628 _b.H56 1972 |
| 082 | 0 | 0 |
_a423 _bHOR 1972 |
| 100 | 1 | _aHornby, Albert Sydney. | |
| 245 | 1 | 4 |
_aThe progressive English dictionary, _c[by] A. S. Hornby and E. C. Parnwell. |
| 250 | _a2nd ed. | ||
| 260 |
_aLondon, _bOxford University Press, _c1972. |
||
| 300 |
_a[6], 345 p. _billus. _c17 cm. |
||
| 350 | _a£0.20 | ||
| 650 | 0 |
_aEnglish language _xDictionaries. |
|
| 700 | 1 | _aParnwell, E. C., | |
| 942 |
_2ddc _cBK |
||